My Boy Builds Coffins Lyrics (Florence + The Machine) - Statistics

General Stats
  • This quiz has been taken 138 times
  • The average score is 200 of 240
Answer Stats
Lyrics % Correct
a
98%
the
98%
and
97%
boy
97%
build
97%
coffins
97%
for
97%
My
97%
my
97%
on
97%
builds
95%
he
95%
one
95%
make
94%
me
94%
to
94%
you
94%
all
92%
I
92%
rich
92%
day
91%
it
91%
poor
91%
he'll
89%
him
88%
his
88%
no
88%
is
86%
kings
86%
makes
86%
them
86%
care
85%
of
85%
queens
85%
so
85%
with
85%
isn't
83%
just
83%
or
83%
these
83%
too
83%
door
82%
he's
82%
days
80%
doesn't
80%
it's
80%
can't
78%
cause
78%
has
78%
hammers
77%
made
77%
they
77%
come
75%
himself
75%
please
75%
have
74%
knocked
74%
shame
74%
tables
74%
thieves
74%
work
74%
chairs
72%
gypsies
72%
in
72%
nails
72%
not
72%
see
71%
beggars
69%
liars
69%
use
69%
but
68%
eager
68%
some
68%
that
66%
think
66%
are
65%
better
65%
curse
65%
each
65%
say
65%
worse
65%
blessing
63%
play
63%
ships
63%
two
63%
when
63%
ground
60%
love
60%
sails
60%
fair
58%
same
58%
whistle
58%
again
55%
carve
52%
dressers
52%
unique
52%
sunshine
49%
together
49%
rain
46%
thrown
46%
oh
45%
every
43%
been
40%
one's
35%
crafts
34%
fits
31%
No matching quizzes found
Score Distribution
Percent of People with Each Score
Percentile by Number Answered
Your Score History
You have not taken this quiz